OECD sovereign borrowing outlook 2012

Salvato in:
Dettagli Bibliografici
Natura: Libro
Lingua:inglese
Pubblicazione: Paris OECD 2012
Soggetti:
Tags: Aggiungi Tag
Nessun Tag, puoi essere il primo ad aggiungerne!!

MARC

LEADER 00000nam a2200000 4500
001 0168710
005 20240315121052.7
020 |a 978-92-64-16912-8 
041 0 |a eng 
044 |a FR 
245 1 0 |a OECD sovereign borrowing outlook 2012 
264 1 |a Paris  |b OECD  |c 2012 
300 |a 87 s. 
610 2 0 |a rozpočty 
610 2 0 |a deficit rozpočtový 
610 2 0 |a pôžičky 
610 2 0 |a dlhy